000 00639nam a2200241 i 4500
001 13405
003 ES-MaACL
005 20250816062542.0
007 t|
008 980226s1995 fr f |||| | fre d
020 _a2-07-073135-9
080 _a7.01
100 1 _aPigeaud, Jackie.
_991995
245 1 2 _aL'art et le vivant /
_cJackie Pigeaud.
260 _a[Paris] :
_bGallimard,
_c[1995]
300 _a463 p., [4] h. de lám. ;
_c23 cm.
490 1 _aNRF essais
650 1 7 _aArte
_2embne
_910068
650 7 _aEstética
_2embne
_9142387
830 0 _aNRF essais
_9228409
852 _aES-MaACL
_jL-20715
999 _c13405
_d13405